Chile health insurance issues: old age and catastrophic health costs (Record no. 284918)

000 -LEADER
fixed length control field 00436cam a22001337a 4500
008 - FIXED-LENGTH DATA ELEMENTS--GENERAL INFORMATION
fixed length control field 180718b2000 xxu||||| |||| 00| 0 eng d
082 ## - DEWEY DECIMAL CLASSIFICATION NUMBER
Classification number Q55x83 C437
245 ## - TITLE STATEMENT
Title Chile health insurance issues: old age and catastrophic health costs
260 ## - PUBLICATION, DISTRIBUTION, ETC.
Place of publication, distribution, etc. Washington, D.C.
Name of publisher, distributor, etc. World Bank
Date of publication, distribution, etc. 2000
300 ## - PHYSICAL DESCRIPTION
Extent 43p.
440 ## - SERIES STATEMENT/ADDED ENTRY--TITLE
Title A World Bank country study
650 ## - SUBJECT ADDED ENTRY--TOPICAL TERM
Topical term or geographic name entry element Aged - Medical care - Chile
650 ## - SUBJECT ADDED ENTRY--TOPICAL TERM
Topical term or geographic name entry element Insurance, Catastrophic health - Chile
Holdings
Withdrawn status Lost status Damaged status Not for loan Permanent Location Current Location Date acquired Full call number Barcode Date last seen Price effective from Koha item type
        Indian Institute of Public Administration Indian Institute of Public Administration 2001-06-12 Q55x83 C437 WB8801 2018-07-20 2018-07-20 WB

Powered by Koha